| 000 | 00561aam a2200193 4500 | ||
|---|---|---|---|
| 005 | 20170213165758.0 | ||
| 008 | 150810b xxu||||| |||| 00| 0 spa d | ||
| 041 | _aspa | ||
| 082 | _a1.1.12 I59p | ||
| 100 |
_aInstituto Costarricense de Turismo _99317 |
||
| 245 | _aPlan estratégico de desarrollo turístico sustentable de Costa Rica | ||
| 260 | _aCosta Rica | ||
| 260 | _c1993-1998 | ||
| 300 | _a72 páginas | ||
| 650 |
_aDESARROLLO TURÍSTICO EN COSTA RICA _91150 |
||
| 650 |
_aDESARROLLO SOSTENIBLE _91111 |
||
| 650 |
_aCOSTA RICA _939881 |
||
| 942 | _cBK | ||
| 999 |
_c7128 _d7128 |
||